Outside looking in: critiques of American policies and institutions left and right (Record no. 347055)

000 -LEADER
fixed length control field 00513cam a22001577a 4500
008 - FIXED-LENGTH DATA ELEMENTS--GENERAL INFORMATION
fixed length control field 180718b1972 xxu||||| |||| 00| 0 eng d
082 ## - DEWEY DECIMAL CLASSIFICATION NUMBER
Classification number B5x73 J232
100 ## - MAIN ENTRY--PERSONAL NAME
Personal name James, Dorothy Buckton
245 ## - TITLE STATEMENT
Title Outside looking in: critiques of American policies and institutions left and right
Statement of responsibility, etc. by Dorothy Buckton James
260 ## - PUBLICATION, DISTRIBUTION, ETC.
Place of publication, distribution, etc. New York
Name of publisher, distributor, etc. Harper
Date of publication, distribution, etc. 1972
300 ## - PHYSICAL DESCRIPTION
Extent 439p.
440 ## - SERIES STATEMENT/ADDED ENTRY--TITLE
Title Paper
500 ## - GENERAL NOTE
General note $4.25
650 ## - SUBJECT ADDED ENTRY--TOPICAL TERM
Topical term or geographic name entry element United States --Politics and government.
650 ## - SUBJECT ADDED ENTRY--TOPICAL TERM
Topical term or geographic name entry element Right and left (Political science)
Holdings
Withdrawn status Lost status Damaged status Not for loan Permanent Location Current Location Date acquired Full call number Barcode Date last seen Price effective from Koha item type
        Indian Institute of Public Administration Indian Institute of Public Administration 1993-10-14 B5x73 J232 47160 2018-07-21 2018-07-21 Book

Powered by Koha